| 000 | 00778nam a22001817a 4500 | ||
|---|---|---|---|
| 003 | UA-OsUOA | ||
| 001 | 9665 | ||
| 007 | ta | ||
| 008 | 20041119b un ||||| |||| 00| 0 ukr d | ||
| 100 | _aЦимбалюк Є. | ||
| 942 | _cSA | ||
| 040 |
_aUA-OsUOA _cUA-OsUOA _dUA-OsUOA |
||
| 245 |
_aОнишківці: цілюще джерело від Праведної Анни _b[Скит Святої Праведної Анни, облаштований у с. Онишківці Дубен. р-ну, - один із "наймолодших" серед монастир. обителей України] |
||
| 300 | _aС.12-13 | ||
| 955 | _a0 | ||
| 773 | 0 |
_w0 _tВільне слово _dРівне _d2004 _g№86/12 листоп./ |
|
| 650 | 7 |
_aКультові споруди _2UDC |
|
| 999 |
_c295826 _d295826 |
||